| 000 | 00683nam a2200205 4500 | ||
|---|---|---|---|
| 999 |
_c170388 _d170388 |
||
| 005 | 20191213155313.0 | ||
| 010 | _aENG-127136 | ||
| 020 |
_a9789389588835 _c499.00 |
||
| 035 | _aEN-110668 | ||
| 037 | _bDBAD/PUB | ||
| 082 | _a500 | ||
| 100 | _aDhawan, Prem | ||
| 245 |
_aPearson CBSE expert 2020 question bank : _bby Prem Dhawan, R P Sharma [and] Rachna Gupta _cscience / |
||
| 260 |
_aNoida _bPearson India Education _c2020 |
||
| 270 |
_a15th Floor, Tower-b, World Trade Tower, Plot No.-1, Block -C, Sector 16 _bNoida _e201301 |
||
| 300 |
_axx;various paging. _c25cm(pbk) |
||
| 700 | _aSharma, R P | ||
| 700 | _aGupta, Rachna | ||
| 942 |
_2ddc _cEN _h500 _mDHA |
||